000 00397nam a22001577a 4500
003 NUST - PNEC
005 20170116181116.0
008 151004b xxu||||| |||| 00| 0 eng d
040 _cLIBRARY
082 _a796.358 BAL
100 _913191
_aBall, Peter
245 _aImran Khan's Cricket skills
_cBall, Peter
260 _cc.1989
650 _913187
_aBiography
_xGeneral book
942 _2ddc
_cBK
999 _c69314
_d69314